Indonesia Raya Lyrics - Statistics

General Stats
  • This quiz has been taken 272 times
  • The average score is 49 of 52
Answer Stats
Answer % Correct
indonesia
100%
indonesia
100%
indonesia
100%
indonesia
100%
indonesia
100%
indonesia
100%
indonesia
100%
tanah
98%
tanah
98%
tanah
98%
airku
97%
airku
97%
aku
97%
berdiri
97%
darahku
97%
tumpah
97%
disanalah
96%
pandu
96%
ibuku
95%
jadi
95%
bangsa
94%
bersatu
94%
hiduplah
94%
hiduplah
94%
hiduplah
94%
kita
94%
marilah
94%
merdeka
94%
merdeka
94%
merdeka
94%
merdeka
94%
raya
94%
raya
94%
raya
94%
raya
94%
berseru
93%
dan
93%
jiwanya
92%
kebangsaanku
92%
bangunlah
91%
bangunlah
91%
kucinta
91%
negeriku
91%
negeriku
91%
semuanya
91%
tanahku
91%
tanahku
91%
untuk
91%
yang
91%
rakyatku
90%
bangsaku
88%
badannya
87%
No matching quizzes found
Score Distribution
Percent of People with Each Score
Percentile by Number Answered
Your Score History
You have not taken this quiz